| 000 | 00724nas a2200265 4500 | ||
|---|---|---|---|
| 001 | BR0707436 | ||
| 003 | BR-BrBNA | ||
| 005 | 20231205111042.0 | ||
| 007 | ta | ||
| 008 | 230509b bl.|||p| |||| 00| 00por d | ||
| 040 |
_aBR-BrBNA _bpor _cBiblioteca Nacional de Agricultura |
||
| 041 | _a(Pt) | ||
| 072 | _aE10 | ||
| 100 | 1 | _aMori, R. | |
| 245 | 1 | _aMacroeconomia; balanço de seis meses | |
| 650 | _aMACROECONOMIA | ||
| 650 | _aPRODUTO INTERNO BRUTO | ||
| 650 | _aTAXA | ||
| 650 | _aPREÇO | ||
| 650 | _aPOLÍTICA MONETÁRIA | ||
| 650 | _aINFLAÇÃO | ||
| 773 | 0 |
_tAgroanalysis (Brazil) _xISSN 0100-4298 _g(Jul 2007), v. 27(7) p. 9 _wBR0707436 |
|
| 909 |
_a202311 _bLúcia _c55 _dLúcia Elande |
||
| 942 |
_2AGRIS _n0 _cANA |
||
| 999 |
_c190351 _d190351 |
||